Fifteen Shades of Yellow - Statistics

General Stats
  • This quiz has been taken 145 times
  • The average score is 12 of 15
Answer Stats
HEX Hint Shade % Correct
FFFF00 Third colour of the rainbow Yellow
100%
FFFF9F Lime counterpart Lemon
96%
FBE870 Centre of the solar system Sun
96%
F5A500 School field trip vehicle School Bus
94%
FADA5E King, queen, princess, etc. Royal
93%
F3E5AB 'Plain' ice cream flavour Vanilla
93%
FFD700 First place Gold
92%
FFDB58 Ketchup counterpart Mustard
92%
DECC9C Big cat of the savannah Lion
90%
FFFF99 Songbirds from the similarly named islands Canary
75%
FED85D Weed commonly mistaken for a flower Dandelion
71%
D1E231 Fruit, or a curvaceous body shape Pear
69%
FBE7B2 Super Monkey Ball game {Banana} Mania
53%
E4D96F Turkey in the _____ Straw
24%
F8DE7E Calm Mellow
19%
No matching quizzes found
Score Distribution
Percent of People with Each Score
Percentile by Number Answered
Your Score History
You have not taken this quiz